Państwa według znanych miejsc #3 - Statystyki

Ogólne statystyki
  • Ten quiz został rozwiązany 1 634 razy
  • Średni wynik to 9 z 22
Statystyki odpowiedzi
Znane miejsce Państwo % Poprawnych
Times Square Stany Zjednoczone
98%
Góra Olimp Grecja
87%
Neuschwanstein Niemcy
76%
Pałac Schönbrunn Austria
75%
Chichén Itzá Meksyk
53%
Shibuya Japonia
48%
Higashiyama Jisho-ji Japonia
44%
Matterhorn Szwajcaria | Włochy
44%
Wał Hadriana Wielka Brytania
42%
Zamek w Blarney Irlandia
39%
Meczet Imama Alego Irak
38%
Świątynia Luksorska Egipt
36%
Bláa Lónið Islandia
28%
Wodospady Wiktorii Zimbabwe | Zambia
28%
Akwedukt w Segowii Hiszpania
27%
Pomnik Odkrywców Portugalia
25%
Manneken Pis Belgia
19%
Kopuła na Skale Izrael | Palestyna
19%
Zatoka Milforda Nowa Zelandia
18%
Głowa Cukru Brazylia
17%
Pałac Mysore Indie
14%
Kasbah de los Udayas Maroko
11%
Nie znaleziono quizów pasujących do podanych kryteriów
Rozkład punktacji
Procent ludzi z każdym wynikiem
Percentyl według liczby udzielonych odpowiedzi
Twoja historia wyników
Nie rozwiązałeś tego quizu